1700 1128 1478 1748 1963 1912 1681 1349 1235 1296 1219 1489 1793 1125 1743 1024 1238 1469 1968 1257 1491 1373 1258 1182 1791 1382 1819 1553 1451 1953 1560 1636 1129 1515 1321 1026 1941 1985 1121 1692 1645 1922 1946 1075 1152 1589 1004 1511 1329 1230 1798 1464 1657 1937 1615 1690 1704 1724 1085 1045 1827 1952 1860 1966 1488 1840 1452 1024 1752 1887 1591 1627 1189 1944 1150 1513 1623 1808 1927 1671 1969 1701 1815 1530 1686 1934 1995 1571 1912 1458 1502 1038 1435 1607 1620 1777 1788 1010 1202 BCNSPRNW ULIB Ver.6.0+V

เปลี่ยนเป็นภาษาไทย

Change to English
 แสดงรายละเอียดบรรณานุกรม
  กลับหน้าหลัก

Brief Record : Get Marc (ISO 2709) : E-mail record : QR code < ปิดหน้าต่าง
LEADER : 00000nam 2200000uu 4500
001    13399113802
003     ULIB
008    020711s2550 th a 000 0 tha d
020    ^a9789749557754
090    ^aนว.^bส984ฟ
100    ^aโสภาค สุวรรณ
245    ^aฟ้าจรดทราย/^cโสภาค สุวรรณ
260    ^aกรุงเทพฯ :^bรวมสาส์น,^c2550
300    ^a576 หน้า
945    ^p350^l0^i022007
999 ^a ทศพร
รายการนี้ยังไม่มีแท็ก
คุณยังไม่ได้ล็อกอิน คุณสามารถมีกิจกรรมร่วมกับเว็บไซต์ได้ แต่ต้องล็อกอินก่อน ::
  ล็อกอิน

รายการสื่อสารสนเทศ

ลำดับที่ ประเภท เลขเรียก/บาร์โค้ด สถานที่ สถานะ
1. นวนิยาย
นวนิยาย
นว. ส984ฟ ฉ.1 
  Barcode: 022007
ห้องสมุดวิทยาเขตสวรรค์ประชารักษ์
►นวนิยาย
บนชั้น
  ขอยืม

รายการใกล้เคียง
    ผู้แต่ง [โสภาค สุวรรณ]

BibComment


ยังไม่เคยถูกคอมเมนท์

คอมเมนท์ทรัพยากรรายการนี้
  คอมเมนท์: ฟ้าจรดทราย โสภาค..


 Copyright 2026. Bcnsprnw @Library